000 00301nam a22001337a 4500
008 170727b xxu||||| |||| 00| 0 eng d
020 _a9780471462613
041 _aeng
080 _a004
100 _a29
101 _aSHKI
245 _aDATA MINING WITH SQL SERVER 2005
_cTANG, ZH
942 _2udc
_cBK
999 _c22002
_d22002